Random Countries Quiz #1 - Statistics

General Stats
  • This quiz has been taken 8 times
  • The average score is 10 of 16
Answer Stats
Picture Answer % Correct
Japan
100%
Philippines
88%
Usa
88%
Australia
75%
China
75%
India
75%
Norway
75%
Canada
63%
Jordan
63%
Pakistan
63%
Colombia
50%
Georgia
50%
Romania
50%
Uzbekistan
50%
Belarus
38%
Suriname
38%
No matching quizzes found
Score Distribution
Percent of People with Each Score
Percentile by Number Answered
Your Score History
You have not taken this quiz